| 000 | 00383nam a22001577a 4500 | ||
|---|---|---|---|
| 005 | 20230809094626.0 | ||
| 008 | 230809b |||||||| |||| 00| 0 eng d | ||
| 020 | _a9780070587502 | ||
| 082 |
_a006.987 _bKAS-S |
||
| 100 | _aKasturi,Rajeev | ||
| 245 | _aSAP R/3 ALE & EDI Technologies | ||
| 260 |
_aIndia _bMcGraw Hill _c1999 |
||
| 300 | _a334 pages | ||
| 650 | _aMISC | ||
| 999 |
_c33219 _d33219 |
||